Selected stories of Duncan Campbell Scott /

Bibliographic Details
Main Author: Scott, Duncan Campbell, 1862-1947
Other Authors: Clever, Glenn, 1918-
Format: Book
Language:English
Published: Ottawa : University of Ottawa Press, 1987
Edition:3rd. ed.
Series:Canadian short story library.
Subjects:

MARC

Tag First Indicator Second Indicator Subfields
LEADER 00000cam a2200000 a 4500
001 in00000018190
005 20151007053157.0
008 880115s1987 onc b 00011 eng d
020 |a 0776601830 
035 |a (OCoLC)17351154 
035 |9 AAB0677AM 
040 |a PSM  |c PSM  |d TXA  |d UtOrBLW 
049 |a TXAM  |c [A11488886] 
050 4 |a PR9199.3.S33  |b A6 1987 
100 1 |a Scott, Duncan Campbell,  |d 1862-1947. 
245 1 0 |a Selected stories of Duncan Campbell Scott /  |c edited and with an introduction by Glenn Clever. 
250 |a 3rd. ed. 
264 1 |a Ottawa :  |b University of Ottawa Press,  |c 1987 
264 4 |c ©1975 
300 |a xiii, 135 pages ;  |c 24 cm. 
336 |a text  |b txt  |2 rdacontent 
337 |a unmediated  |b n  |2 rdamedia 
338 |a volume  |b nc  |2 rdacarrier 
490 1 |a Canadian short story library 
504 |a Bibliography: pages 131-135. 
505 0 |a Paul Farlotte. -- Labrie's wife. -- The circle of affection. -- Charcoal. -- The wooing of Monsieur Cuerrier. -- No. 68 Rue Alfred de Musset. - - The bobolink. -- Spirit River. -- Expiation. -- The winning of Marie-Louise. -- Clute Boulay. 
650 0 |a Short stories, Canadian. 
700 1 |a Clever, Glenn,  |d 1918- 
830 0 |a Canadian short story library. 
999 |a MARS 
999 f f |s 28ed64f6-eadd-384f-afdb-6feb55165be3  |i b322b98d-056b-3961-adb5-6b5cb7459777  |t 0 
952 f f |p ric  |a Texas A&M University  |b Rellis Campus  |c Joint Library Facility  |d Remote Storage  |t 0  |e PR9199.3.S33 A6 1987  |h Library of Congress classification  |i unmediated -- volume  |m A14811488886 
998 f f |a PR9199.3.S33 A6 1987  |t 0  |l Remote Storage